| 000 | 02011nam a22003377a 4500 | ||
|---|---|---|---|
| 999 |
_c6451 _d6451 |
||
| 003 | OSt | ||
| 005 | 20200220141956.0 | ||
| 008 | 200207s2009 cl o|||fr|||| 00| 0 spa d | ||
| 020 | _a9789568827113 | ||
| 040 |
_aCO-JMCR _cCO-JMCR |
||
| 041 | 1 |
_aspa _heng |
|
| 082 | 0 | 4 |
_a658.401 / _bC889c _220 |
| 100 | 1 |
_aCry, Linda A., _eautora _9260 |
|
| 245 | 1 | 0 |
_aCrear un plan de negocios : _bsoluciones prácticas para los desafíos del día a día / _cLinda A. Cry |
| 250 | _a1a. edición | ||
| 260 |
_aSantiago de Chile : _bHarvard Business Press, _c2009 |
||
| 300 |
_ax, 123 páginas : _bfotografías a blanco y negro ; _c18 cm. |
||
| 490 | 0 | _aSerie Pocket Mentor | |
| 500 | _aIncluye datos biográficos de la autora en tapa posterior. | ||
| 500 | _a"Defina su objetivo, reúna recursos, desarrolle una estrategia y obtenga apoyo"--Tapa | ||
| 500 | _aTítulo original: Creating a business plan | ||
| 504 | _aBibliografía: página 123 | ||
| 505 | 0 | _aCrear un plan de negocios: lo básico -- Cómo empezar -- Anatomía de un plan de negocios -- portada y tabla de contenidos -- Resumen ejecutivo -- Descripción del negocio -- Análisis del entorno del negocio -- Antecedentes del sector -- Análisis competitivo -- Análisis de mercado -- Plan de marketing -- Plan de operaciones -- Perfil de equipo de gestión -- Plan financiero -- Documentos adjuntos e hitos propuestos -- Herramientas para crear un plan de negocios | |
| 520 | _aCada negocio necesita un plan de negocios: un plan para enfrentar las oportunidades y obstáculos esperados e inesperados que depara el futuro. Para hacer esto, usted deberá mirar seria y detenidamente cada elemento del plan. Aprenda a: definir su mercado objeto, evaluar su riesgo y recompensa y identificar a sus competidores. | ||
| 546 | _aTraducido del inglés | ||
| 650 | 1 | 4 |
_aPlan de negocios _9261 |
| 650 | 1 | 4 |
_aPlanificación estratégica _9262 |
| 650 | 1 | 4 |
_aPlanificación empresarial _9263 |
| 650 | 1 | 4 |
_aMercadeo _xplanes de negocio _9264 |
| 942 |
_2ddc _cBK |
||